Dollar-unit sampling : (Record no. 523418)

000 -LEADER
fixed length control field 00985nam a2200301 i 4500
001 - CONTROL NUMBER
control field 2309694
003 - CONTROL NUMBER IDENTIFIER
control field NUST
005 - DATE AND TIME OF LATEST TRANSACTION
control field 20190221082610.0
008 - FIXED-LENGTH DATA ELEMENTS--GENERAL INFORMATION
fixed length control field 800912s1979 onca 001 0 eng
010 ## - LIBRARY OF CONGRESS CONTROL NUMBER
LC control number 80492961
015 ## - NATIONAL BIBLIOGRAPHY NUMBER
National bibliography number C***
020 ## - INTERNATIONAL STANDARD BOOK NUMBER
International Standard Book Number 0773042784
038 ## - RECORD CONTENT LICENSOR
Staff Name waseem
040 ## - CATALOGING SOURCE
Original cataloging agency DLC
Transcribing agency DLC
Modifying agency DLC
050 00 - LIBRARY OF CONGRESS CALL NUMBER
Classification number HF5667
Item number .L46
082 00 - DEWEY DECIMAL CLASSIFICATION NUMBER
Classification number 657.45015
Edition number 19
Author Mark LES
100 1# - MAIN ENTRY--PERSONAL NAME
Personal name Leslie, Donald A.
9 (RLIN) 13694
245 10 - TITLE STATEMENT
Title Dollar-unit sampling :
Remainder of title a practical guide for auditors /
Statement of responsibility, etc. Donald A. Leslie, Albert D. Teitlebaum, Rodney J. Anderson.
260 ## - PUBLICATION, DISTRIBUTION, ETC.
Place of publication, distribution, etc. Toronto :
Name of publisher, distributor, etc. Copp Clark Pitman ;
Place of publication, distribution, etc. Belmont, Calif. :
Name of publisher, distributor, etc. distributed by Fearon-Pitman,
Date of publication, distribution, etc. c1979.
300 ## - PHYSICAL DESCRIPTION
Extent 409 p. :
Other physical details ill. ;
Dimensions 24 cm.
500 ## - GENERAL NOTE
General note Includes index.
650 #0 - SUBJECT ADDED ENTRY--TOPICAL TERM
Topical term or geographic name entry element Auditing.
9 (RLIN) 13695
650 #0 - SUBJECT ADDED ENTRY--TOPICAL TERM
Topical term or geographic name entry element Sampling (Statistics)
9 (RLIN) 1210
700 1# - ADDED ENTRY--PERSONAL NAME
Personal name Teitlebaum, Albert D.,
Relator term joint author.
9 (RLIN) 13696
700 1# - ADDED ENTRY--PERSONAL NAME
Personal name Anderson, Rodney J.
9 (RLIN) 13697
906 ## - LOCAL DATA ELEMENT F, LDF (RLIN)
a 7
b cbc
c orignew
d 4
e ncip
f 19
g y-gencatlg
942 ## - ADDED ENTRY ELEMENTS (KOHA)
Source of classification or shelving scheme
Koha item type Book
Holdings
Withdrawn status Lost status Source of classification or shelving scheme Damaged status Not for loan Permanent Location Current Location Shelving location Date acquired Source of acquisition Total Checkouts Full call number Barcode Date last seen Price effective from Koha item type
          Central Library (CL) Central Library (CL) Management Sciences 02/21/2019 Donation   657.45015 LES CL-D-321 02/21/2019 02/21/2019 Book
© 2023 Central Library, National University of Sciences and Technology. All Rights Reserved.